| 000 | 00732nam a2200169 a 4500 | ||
|---|---|---|---|
| 001 | 000029076 | ||
| 005 | 20210408120842.0 | ||
| 008 | 110413s1993 dr ac 000 0 spa d | ||
| 040 |
_aDO-SdBNP _bspa _cBNPHU |
||
| 082 |
_axxx _bC748r |
||
| 111 | 1 |
_aConferencia roles de las zonas francas industriales en el desarrollo económico de la República Dominicna _d(1993: oct. 5 _cSanto Domingo) _955975 |
|
| 245 | 1 | 0 |
_aRoles de las zonas francas industriales en el desarrollo económico de la República Dominicna / _cJosé Antonio Guzamán Álvares. |
| 260 |
_aSanto Domingo : _bUniversidad Autónoma de Santo Domingo, _c1993. |
||
| 300 |
_a27 p. : _bil. retr. ; _c22 cm. |
||
| 700 |
_aGuzmán Álvares, José Antonio _955976 |
||
| 049 | _aBNPD | ||
| 999 |
_c28568 _d28568 |
||